| 000 | 01718nam a2200385Ia 4500 | ||
|---|---|---|---|
| 001 | ebr10279342 | ||
| 003 | CaPaEBR | ||
| 006 | m u | ||
| 007 | cr cn||||||||| | ||
| 008 | 940616s1995 nyu sb 001 0deng d | ||
| 010 | _z 94022305 | ||
| 020 | _z0195091663 (acid-free paper) | ||
| 020 | _z9780195091663 | ||
| 040 |
_aCaPaEBR _cCaPaEBR |
||
| 035 | _a(OCoLC)252607298 | ||
| 050 | 1 | 4 |
_aBV2791 _b.R64 1995eb |
| 082 | 0 | 4 |
_a285.8/73/09033 _220 |
| 100 | 1 |
_aRohrer, James R. _q(James Russell), _d1960- |
|
| 245 | 1 | 0 |
_aKeepers of the covenant _h[electronic resource] : _bfrontier missions and the decline of Congregationalism, 1774-1818 / _cJames R. Rohrer. |
| 260 |
_aNew York : _bOxford University Press, _c1995. |
||
| 300 | _ax, 201 p. | ||
| 490 | 1 | _aReligion in America series | |
| 504 | _aIncludes bibliographical references (p. 181-193) and index. | ||
| 533 |
_aElectronic reproduction. _bPalo Alto, Calif. : _cebrary, _d2009. _nAvailable via World Wide Web. _nAccess may be limited to ebrary affiliated libraries. |
||
| 610 | 2 | 0 |
_aMissionary Society of Connecticut _xHistory. |
| 650 | 0 |
_aCongregational churches _zNortheastern States _xHistory _y18th century. |
|
| 650 | 0 |
_aCongregational churches _zNortheastern States _xHistory _y19th century. |
|
| 650 | 0 |
_aMissions _zNortheastern States. |
|
| 651 | 0 |
_aNortheastern States _xChurch history _y18th century. |
|
| 651 | 0 |
_aNortheastern States _xChurch history _y19th century. |
|
| 655 | 7 |
_aElectronic books. _2local |
|
| 710 | 2 | _aebrary, Inc. | |
| 830 | 0 | _aReligion in America series (Oxford University Press) | |
| 856 | 4 | 0 |
_uhttp://site.ebrary.com/lib/rucke/Doc?id=10279342 _zAn electronic book accessible through the World Wide Web; click to view |
| 999 |
_c18808 _d18808 |
||